Library Catalogue
St. Thomas' College (Autonomous),Thrissur

History of English literature (Record no. 89436)

MARC details
000 -LEADER
fixed length control field 00565nam a2200205Ia 4500
003 - CONTROL NUMBER IDENTIFIER
control field STCL
008 - FIXED-LENGTH DATA ELEMENTS--GENERAL INFORMATION
fixed length control field 230726s9999 xx 000 0 und d
020 ## - INTERNATIONAL STANDARD BOOK NUMBER
International Standard Book Number 9789351381969
040 ## - CATALOGING SOURCE
Original cataloging agency STCL
Transcribing agency STCL
Language of cataloging EN
082 ## - DEWEY DECIMAL CLASSIFICATION NUMBER
Edition number 22
100 ## - MAIN ENTRY--PERSONAL NAME
Personal name Legouis, Emile
245 #0 - TITLE STATEMENT
Title History of English literature
246 ## - VARYING FORM OF TITLE
Title proper/short title History of English literature: historie de la litterature anglaise
260 ## - PUBLICATION, DISTRIBUTION, ETC. (IMPRINT)
Name of publisher, distributor, etc. Trinity Press
Place of publication, distribution, etc. Bengaluru
Date of publication, distribution, etc. 2017
300 ## - PHYSICAL DESCRIPTION
Extent 1488 p
365 ## - TRADE PRICE
Price amount 795
546 ## - LANGUAGE NOTE
Language note English
700 ## - ADDED ENTRY--PERSONAL NAME
Personal name Cazamian, Louis; Vergnas, Raymond Las
942 ## - ADDED ENTRY ELEMENTS (KOHA)
Source of classification or shelving scheme
Edition
Koha item type
Holdings
Withdrawn status Lost status Source of classification or shelving scheme Damaged status Not for loan Home library Current library Shelving location Date acquired Total Checkouts Full call number Barcode Date last seen Price effective from Koha item type
          Santhome Athenaeum Santhome Athenaeum General Stacks 26/07/2023   820.9 LEG-H 98456 26/07/2023 26/07/2023 Book
The Librarian
St. Thomas' College (Autonomous),
Thrissur - 680 001, Kerala, INDIA


Phone: +91 487 2420435    Ext: 1006   |    E-mail: stctlib@gmail.com    |    Web: http://stthomas.ac.in